Human rights in islam / (Record no. 157631)

MARC details
000 -LEADER
fixed length control field 00762nam a22002177a 4500
005 - DATE AND TIME OF LATEST TRANSACTION
control field 20180922130630.0
010 ## - LCCN (DPL NO)
LC control number ENG-124025
020 ## - INTERNATIONAL STANDARD BOOK NUMBER
Terms of availability 795.00
International Standard Book Number 9788183821131
035 ## - SYSTEM CONTROL NUMBER
System control number EN-107557
037 ## - SOURCE OF ACQUISITION
Source of stock number/acquisition DBAD/PUB
082 ## - DEWEY DECIMAL CLASSIFICATION NUMBER
Classification number 270.61
100 ## - MAIN ENTRY--PERSONAL NAME
Personal name Nilofer Ahmad
245 ## - TITLE STATEMENT
Title Human rights in islam /
Statement of responsibility, etc by Nilofer Ahmad; Majdood Ahmad [and] Nurin Ahmad
260 ## - PUBLICATION, DISTRIBUTION, ETC. (IMPRINT)
Place of publication, distribution, etc New Delhi
Date of publication, distribution, etc 2014
Name of publisher, distributor, etc Lotus Press
270 ## - ADDRESS
City New Delhi
Address 4263/3, Ansari Raod, Darya Ganj,
Postal code 110002
300 ## - PHYSICAL DESCRIPTION
Extent xvii,284p.
Dimensions 21(pbk.)
500 ## - GENERAL NOTE
General note It includes Annexure 1 : Universla Islamic Declaration of Human Rights, Glossary of Arabic Terms, Abbreviations Used, Bibliography
700 ## - ADDED ENTRY--PERSONAL NAME
Personal name Majdood Ahmad
700 ## - ADDED ENTRY--PERSONAL NAME
Personal name Nurin Ahmad
942 ## - ADDED ENTRY ELEMENTS (KOHA)
Source of classification or shelving scheme Dewey Decimal Classification
Item type English Books
Classification part 270.61
Call number suffix NIL
Holdings
Withdrawn status Lost status Not for loan Collection code Home library Current library Date acquired Source of acquisition Cost, normal purchase price Full call number Barcode Copy number Cost, replacement price Koha item type
    Not For Loan Non-fiction D.B.Act.Division Sarojini Nagar 22/09/2018 DBAD/PUB 795.00 270.61 NIL EN-107557 1 795.00 English Books

© Delhi Public Library
Hit Counter
free hit counter